| 000 | 00361nam a2200145Ia 4500 | ||
|---|---|---|---|
| 008 | 210716s2003 xx 000 0 und d | ||
| 041 | _aeng | ||
| 082 | _a621.3822 CHIJ | ||
| 100 | _aChitode, J S. | ||
| 245 | _aVtu digital signal processing. | ||
| 250 | _a1 | ||
| 260 |
_aPune _bTechnical Publications _c2003 |
||
| 300 | _axi,549 | ||
| 650 | _aDigital Systems | ||
| 999 |
_c186344 _d186344 |
||